000 00339 a2200157 4500
001 65702
020 _a9788563066091
040 _cAnchieta - Pituba
100 _aRibas, Lycio Vellozo
240 1 0 _aO mundo das copas
_lpor
245 1 0 _aO mundo das copas
300 _a584
362 0 _a2010
650 4 _a.Copas do mundo
942 _cBK
999 _c65702
_d65702